A brief history of Japanese civilization / (Record no. 27149)
[ view plain ]
| 000 -LEADER | |
|---|---|
| fixed length control field | 01764cam a22003495i 4500 |
| 001 - CONTROL NUMBER | |
| control field | 13974938 |
| 003 - CONTROL NUMBER IDENTIFIER | |
| control field | OSt |
| 005 - DATE AND TIME OF LATEST TRANSACTION | |
| control field | 20190214095813.0 |
| 008 - FIXED-LENGTH DATA ELEMENTS--GENERAL INFORMATION | |
| fixed length control field | 050519s2013 mauab frb 001 0 eng d |
| 020 ## - INTERNATIONAL STANDARD BOOK NUMBER | |
| International Standard Book Number | 9780495913252 |
| 020 ## - INTERNATIONAL STANDARD BOOK NUMBER | |
| International Standard Book Number | 0495913251 |
| 040 ## - CATALOGING SOURCE | |
| Original cataloging agency | DLC |
| Transcribing agency | DLC |
| Modifying agency | DLC |
| -- | EG-ScBUE |
| Language of cataloging | eng |
| 043 ## - GEOGRAPHIC AREA CODE | |
| Geographic area code | a-ja--- |
| 082 04 - DEWEY DECIMAL CLASSIFICATION NUMBER | |
| Classification number | 952 |
| Edition number | 22 |
| Item number | SCH |
| 100 1# - MAIN ENTRY--PERSONAL NAME | |
| Personal name | Schirokauer, Conrad. |
| 245 12 - TITLE STATEMENT | |
| Title | A brief history of Japanese civilization / |
| Statement of responsibility, etc | Conrad Schirokauer, David Lurie, Suzanne Gay. |
| 250 ## - EDITION STATEMENT | |
| Edition statement | 4th ed. |
| 264 #1 - PUBLICATION, DISTRIBUTION, ETC. (IMPRINT) | |
| Place of publication, distribution, etc | Boston. Massachusetts : |
| Name of publisher, distributor, etc | Wadsworth / Cengage Learning, |
| Date of publication, distribution, etc | c.2013. |
| 300 ## - PHYSICAL DESCRIPTION | |
| Extent | xv, 310 pages : |
| Other physical details | col. illustrations, col. maps ; |
| Dimensions | 24 cm. |
| 336 ## - CONTENT TYPE | |
| Source | rdacontent |
| Content type term | txt |
| 337 ## - MEDIA TYPE | |
| Source | rdamedia |
| Media type term | unmediated |
| 338 ## - CARRIER TYPE | |
| Source | rdacarrier |
| Carrier type term | volume |
| 500 ## - GENERAL NOTE | |
| General note | Includes index. |
| 504 ## - BIBLIOGRAPHY, ETC. NOTE | |
| Bibliography, etc | Bibliography : p. 277-298. |
| 505 ## - FORMATTED CONTENTS NOTE | |
| Formatted contents note | Part One: Beginnings and foundations. Prehistory of the Japanese archipelago. The early state: Chinese and Korean influences --<br/>Part Two: Aristocrats, monks, and Samurai. The Heian period. The Kamakura period in Japan. Muromachi Japan --<br/>Part Three: Early modern/late traditional Japan. The formation of a new order. Tokugawa Shogunate --<br/>Part Four: Japan and the modern world. Endings and beginnings: from Tokugawa to Meiji, 1787-1873. The emergence of modern Japan: 1874-1894. Imperial Japan: 1895-1931. Militarism and war. The new Japan. |
| 520 ## - SUMMARY, ETC. | |
| Summary, etc | This compelling text explores the development of Japan through its art, religion, literature, and thought as well as through their economic, political, and social history.<br/><br/> |
| 651 #7 - SUBJECT ADDED ENTRY--GEOGRAPHIC NAME | |
| Geographic name | Japan |
| General subdivision | Civilization. |
| Source of heading or term | BUEsh |
| 9 (RLIN) | 42009 |
| 653 ## - INDEX TERM--UNCONTROLLED | |
| Resource For college | BAEPS, Political Science |
| Arrived date list | February2019 |
| 700 1# - ADDED ENTRY--PERSONAL NAME | |
| Personal name | Lurie, David. |
| 700 1# - ADDED ENTRY--PERSONAL NAME | |
| Personal name | Gay, Suzanne Marie. |
| 942 ## - ADDED ENTRY ELEMENTS (KOHA) | |
| Source of classification or shelving scheme | Dewey Decimal Classification |
| Koha item type | Book - Borrowing |
| Withdrawn status | Lost status | Source of classification or shelving scheme | Damaged status | Not for loan | Collection code | Home library | Current library | Shelving location | Date acquired | Source of acquisition | Cost, normal purchase price | Serial Enumeration / chronology | Total Checkouts | Total Renewals | Full call number | Barcode | Date last seen | Date checked out | Cost, replacement price | Price effective from | Koha item type |
|---|---|---|---|---|---|---|---|---|---|---|---|---|---|---|---|---|---|---|---|---|---|
| Dewey Decimal Classification | Baccah | Central Library | Central Library | Second Floor | 13/02/2019 | Purchase | 753.00 | 21201 | 2 | 5 | 952 SCH | 000044192 | 15/07/2025 | 29/01/2025 | 941.00 | 13/02/2019 | Book - Borrowing |